KOHA-Header-6

Oracle9i: The Complete Reference (Record no. 8054)

000 -LEADER
fixed length control field 00268nam a2200109Ia 4500
100 ## - MAIN ENTRY--AUTHOR NAME
Personal name Loney, Koch
245 #0 - TITLE STATEMENT
Title Oracle9i: The Complete Reference
260 ## - PUBLICATION, DISTRIBUTION, ETC. (IMPRINT)
Place of publication india
Name of publisher Microsoft Press
Year of publication 1998
300 ## - PHYSICAL DESCRIPTION
Number of Pages 716
942 ## - ADDED ENTRY ELEMENTS (KOHA)
Koha item type Books
Holdings
Withdrawn status Lost status Collection code Permanent Location Current Location Shelving location Date acquired Full call number Accession Number Koha item type
    Computer Science MAJU MAJU   2019-09-13 005.5 2434 Computer Science

Powered by Koha